Bahama-visa - Statistics

Yleistilastot
  • Tätä visaa on pelattu 326 kertaa
    325 viimeisimmän päivityksen jälkeen
  • Keskiarvotulos 11 / 18
Vastaustilastot
Vihje Vastaus % Oikein
Virallinen kieli Englanti
94%
Bahamaa lähimpänä sijaitsevat valtiot Kuuba
94%
Bahamaa lähimpänä sijaitsevat valtiot Yhdysvallat
93%
Valuutta Dollari
90%
Valtio, josta Bahama itsenäistyi vuonna 1973 Yhdistynyt kuningaskunta
88%
Ala, joka tuottaa noin 50 % BKT:stä Matkailu
85%
Bahamaa lähimpänä sijaitsevat valtiot Haiti
84%
Pääkaupunki Nassau
83%
Ensimmäinen saarilla käynyt eurooppalainen Kristoffer Kolumbus
76%
Suosituin urheilulaji Kriketti
66%
Tunnettu englantilainen 1700-luvun alun merirosvo, jonka tukikohta sijaitsi Bahamalla Mustaparta
60%
Eläin, jonka kanssa turistit voivat uida Big Major Cayssä Sika
46%
Vaakunassa oleva lintu Flamingo
42%
Pohjoisin saari Grand Bahama
28%
Suurin saari Andros
27%
Saari, jolla pääkaupunki sijaitsee New Providence
26%
Toiseksi suurin kaupunki Freeport
25%
Suurempi saaristo, johon Bahama kuuluu Lucaya
17%
Ehtoja vastaavia visoja ei löytynyt
Tulosjakauma
Jokaisen tuloksen saaneiden osuus
Persentiili vastausten määrän mukaan
Tuloshistoriasi
Et ole pelannut tätä visaa sen viimeisimmän päivityksen jälkeen